The theory of interest

Αποθηκεύτηκε σε:
Λεπτομέρειες βιβλιογραφικής εγγραφής
Κύριος συγγραφέας: Kellison, Stephen G.
Μορφή: Βιβλίο
Γλώσσα:English
Δημοσίευση: Boston, Mass. : Irwin/McGraw-Hill, c1991
Έκδοση:2nd ed.
Θέματα:
Ετικέτες: Προσθήκη ετικέτας
Δεν υπάρχουν, Καταχωρήστε ετικέτα πρώτοι!

MARC

LEADER 00000nam a2200000 i 4500
001 1/14955
008 001220s1991 eng d
020 |a 0-256-09150-1 
035 |l 10065201 
040 |a GR-MY-UA  |b gre  |e aacr 
041 0 |a eng 
082 0 |a 332.8 
100 1 |a Kellison, Stephen G. 
245 1 4 |a The theory of interest /  |c Stephen G. Kellison 
250 |a 2nd ed. 
260 |a Boston, Mass. :   |b Irwin/McGraw-Hill,   |c c1991 
300 |a xiv, 446 p.;  |b ill.;  |c 25 cm. 
504 |a Includes bibliographical references and index 
650 0 0 |a Interest. 
650 0 0 |a Interest  |x Problems, exercises, etc. 
852 |a INST  |b SAMOS  |e 20001220  |h 332.8 KEL  |p 005300018167  |q 005300018167  |t BK  |y 23 
852 |a INST  |b SAMOS  |e 20010203  |h 332.8 KEL  |p 005300022063  |q 005300022063  |t BK  |y 12 
852 |a INST  |b SAMOS  |e 20010203  |h 332.8 KEL  |p 005300022064  |q 005300022064  |t BK  |y 0 
852 |a INST  |b SAMOS  |e 20010203  |h 332.8 KEL  |p 005300022065  |q 005300022065  |t BK  |y 0 
901 |a BIBL3-2000-3 
901 |a BIBL3-2001-1 
909 |a Σ  |b 081877 
909 |a Σ  |b 081879 
909 |a Σ  |b 081878 
909 |a Σ  |b 081456 
922 |a 3ΕΛΗ  |b 200011  |c ΤΣΑΕ  |d ΠΑΠΑΣΩΤΗΡΙΟΥ 
970 |a ΠΟΥΡΝΑΡΑΣ  |b ΔΗΜΗΤΡΗΣ  |z 2000/12/20